| 000 | 00952nam0a22002531 4500 | ||
|---|---|---|---|
| 001 | rc\995511 | ||
| 005 | 20041129101655.4 | ||
| 035 | _a(NLR Aleph) 006162394 | ||
| 090 |
_a5877023 _c5877023 |
||
| 100 | _a20041129d1981 u |0rusy50 ca | ||
| 101 | 0 | _arus | |
| 102 | _aRU | ||
| 105 | _aa ||||||||| | ||
| 200 | 1 |
_aМузей "спартаковцев" в Красногорке _eПутеводитель |
|
| 210 |
_aДнепропетровск _cПромiнь _d1981 |
||
| 215 |
_a30 с., 4 л. ил. _d16 |
||
| 700 | 1 |
_aКулик _bГ. В. _gГеоргий Варфоломеевич |
|
| 701 | 1 |
_aПолянецкий _bВ. А. _gВиктор Анатольевич |
|
| 712 | 0 | 2 |
_aМузей подпольной комсомольской организации "Спартак" _cс. Красногорка, Кировогр. обл. |
| 801 | 0 |
_aRU _bNLR _gpsbo |
|
| 801 | 1 |
_aRU _bELAR _2rusmarc |
|
| 852 |
_aNLR _j81-2/2927 |
||
| 942 | _cBOOK | ||
| 980 | _aNB | ||